000
00353pab a2200157 454500
008
180718b2002 xxu||||| |||| 00| 0 eng d
100
_a
Chakravarti, Mahadev
245
_a
Tribe or indigenous?
260
_c
2002
300
_a
p.1-6.
362
_a
Jan-Mar
650
_a
Tribes
650
_a
Indigenous populations
773
_a
TUI
909
_a
55244
999
_c
55244
_d
55244